| 000 | 00340nam a2200109Ia 4500 | ||
|---|---|---|---|
| 008 | 171211s9999 xx 000 0 und d | ||
| 245 | _aGetting Started in ZBrush: An Introduction to Digital Sculpting and Illustration | ||
| 245 | _cGreg Johnson | ||
| 260 | _c2014 | ||
| 650 | _xDesign | ||
| 856 | _uhttp://down.ebook777.com/059/1111124914.pdf | ||
| 999 |
_c347963 _d347963 |
||